000 00791nam a2200265Ia 4500
003 OSt
005 20220918163358.0
006 a|||||r|||| 00| 0
007 ta
008 220917b |||||||| |||| 00| 0 eng d
020 _a0 7100 0273 4
024 _a29,326
037 _cTextual
040 _aARTS
_cARTS
_beng
041 _2eng
_aeng
082 _aO111,3:g, L9
100 _aMedina Angel
_912836
245 0 _aReflection time and the novel
_b toward a communicative theory of literature
260 _aLonodn
_bRoutledge & Kegan Paul UK
_c1979
300 _aviii,143p.
_ccm.
490 _aInternational library of phanomenology and moral sciences
650 _aENGLISH LITERATURE
942 _hO111,3:g, L9
_cTEXL
_2CC
999 _c119259
_d119259